Harry Potter: le Golden Trio - Statistiques

Statistiques générales
  • Ce quiz a été pris 147 fois
  • Le résultat moyen est 5 sur 5
Statistiques - réponses
Information Réponses % Correct
Membre Harry Potter
100%
Membre Hermione Granger
100%
Membre Ron Weasley
99%
Première apparition Harry Potter à l’école des sorciers
96%
Dernière apparition Harry Potter et les Reliques de la Mort
94%
Aucun quiz correspondant
Distribution des résultats
% des personnes avec chaque résultat
Percentile par nombre de réponses
Votre historique - résultats
Vous n’avez pas pris ce quiz